000 00593nam a2200205Ia 4500
005 20250923145939.0
008 008 250917s9999 xx 000 0 eng d
037 _aTextual
040 _aDSWL
_beng
_cDSWL
041 _aeng
_2eng
084 _aYX,Z33;5.2, N96
_qDSWL
100 _aKohli, A.S.
_9840601
245 0 _aSocial situation of the aged in India
_c by A.S. Kohli
260 _aNew Delhi
_b Anmol Publication Pvt. Ltd.
_c1996
300 _avi,189p.
365 _aINR
_b300.00
925 _g300.00
942 _cTEXL
_hYX,Z33;5.2, N96
999 _c1457678
_d1457678